000 01455nam a2200229Ia 4500
003 Ost
005 20260507075639.0
008 260507s9999||||xx |||||||||||||| ||und||
040 _cfsecg
041 _aara
082 _a658.7
100 _aصلاح، عبد الباقي
_eمؤلف
245 0 _aإدارة المواد والإمداد من الناحية العلمية والعملية /
_c عبد الباقي صلاح
260 _aالإسكندرية:
_bالدار الجامعية,
_c2000
300 _a468 صفحة؛
_bإيضاحات ؛
_c24 سم
504 _aالمراجع ص.463
520 _aتنظيم ادارة الموادوالامداد،اجراءات المواد والامداد والدورة المستندية،تكاليف ادارة المواد والامداد،ترميز وتصنيف المواد والامداد،الأصناف والمخازن،نظام الشراء الخارجي،نظام استخدام الحاسب الآلي في ادارة المواد والامداد،نظام الرقابة والمتابعة على مجال مشتريات تكدس المخزون،النماذج التحليلية،النماذج الاحتمالية،مشاكل النقل والتوزيع،تقييم ادارة المواد والامداد.
653 _aإدارة المخازن
653 _aإدارة المواد
700 _aحنفي، عبد الغفار
_eمؤلف ثانوي
942 _cكتاب
999 _c45369
_d45369